Ozajstný Tolstoj

Bibliographic Details
Main Author: Aldridge, James, 1918-2015 (Author)
Format: Article
Language:Slovak
Subjects:

MARC

LEADER 00000nab a2200000 a 4500
001 vtls000005506
003 SK-MaSNL
005 20260303203422.0
008 111103c1978 xo 0 slo
015 |a SNBRB19rr/mm-uuuuu 
035 |a CL0015599 
040 |a SNKBUCL  |b slo  |c SNKBUCL  |e AACR2 
041 0 |a slo 
044 |a xo  |c SK 
080 |a 82(091):882"18-19":92  |2 1981 
080 |a 882"18-19"  |2 1981 
080 |a 882(091)"18-19"  |2 1981 
080 |a 92 Tolstoj, L.N.  |2 1981 
100 1 |a Aldridge, James,  |d 1918-2015  |4 aut  |9 42290 
245 1 0 |a Ozajstný Tolstoj  |c James Aldridge 
500 |a Pod spoločným názvom Anketa 
600 1 7 |a Tolstoj, Lev Nikolajevič,  |d 1828-1910  |2 snkbucl  |9 14566 
655 7 |a články z novín a časopisov  |2 snkbucl  |9 267496 
655 7 |a články z odboru literárna veda a krásna literatúra  |2 snkbucl  |9 770045 
773 0 |t Sovětská literatura  |g Č. 8 (1978), s. 143-144 
850 |a Slovenská národná knižnica v Martine  |a MTA001 
852 |a SNK  |b KIS3GCP 
958 |a RK 
958 |a LX 
958 |a SK 
992 |a RBX 
999 |c 2185313  |d 2187243